Transforming the role of the SENCo (Record no. 135087)
[ view plain ]
| 000 -LEADER | |
|---|---|
| fixed length control field | 01535nam a2200325 a 4500 |
| 245 00 - TITLE STATEMENT | |
| Title | Transforming the role of the SENCo |
| 260 ## - PUBLICATION, DISTRIBUTION, ETC. (IMPRINT) | |
| Place of publication | Berkshire, England : |
| Name of publisher | McGraw-Hill : |
| -- | Open University Press, |
| Year of publication | 2010. |
| 300 ## - PHYSICAL DESCRIPTION | |
| Number of Pages | xi, 222 p. |
| 505 0# - FORMATTED CONTENTS NOTE | |
| Formatted contents note | pt. I. Concepts and contexts of SEN -- pt. II. The professional context -- pt. III. Strategic development -- pt. IV. Coordinating provision -- pt. V. Leading, developing and supporting colleagues -- pt. VI. Working in partnership. |
| 650 #0 - SUBJECT ADDED ENTRY--TOPICAL TERM | |
| Topical Term | Special education. |
| Topical Term | Special education educators. |
| 700 1# - ADDED ENTRY--PERSONAL NAME | |
| Personal name | Hallett, Fiona. |
| Personal name | Hallett, Graham. |
| 856 40 - ELECTRONIC LOCATION AND ACCESS | |
| Uniform Resource Identifier | http://site.ebrary.com/lib/rucke/Doc?id=10441941 |
No items available.
